Carregant...
Kallukal mahakshethrangal /
| Autor principal: | |
|---|---|
| Format: | Printed Book |
| Idioma: | English |
| Publicat: |
Thrissur:
H&C Publishing House,
c2016.
|
| Matèries: |
| LEADER | 00542 a2200169 4500 | ||
|---|---|---|---|
| 008 | 150103s9999 000 0 eng | ||
| 020 | |a 9789385916977 | ||
| 082 | |a 915 | ||
| 100 | |a Surendran, P. | ||
| 245 | |a Kallukal mahakshethrangal / | ||
| 260 | |a Thrissur: |b H&C Publishing House, |c c2016. | ||
| 300 | |a 80 p. | ||
| 650 | |a Travelogue | ||
| 653 | |a India | ||
| 942 | |c BK | ||
| 999 | |c 308351 |d 308351 | ||
| 952 | |0 0 |1 0 |2 ddc |4 0 |6 915_000000000000000_SUR_KA |7 0 |9 353889 |a DRA |b DRA |c ST1 |d 2017-05-15 |i 9940 |l 0 |o 915 SUR/KA |p DRA9940 |r 2019-01-03 |v 150.00 |w 2019-01-03 |y BK | ||